|
|
|
|
| LEADER |
05623nam a2200781 4500 |
| 001 |
ocn855209609 |
| 003 |
OCoLC |
| 005 |
20170124070423.2 |
| 006 |
m o d |
| 007 |
cr ||||||||||| |
| 008 |
130805s2014 nju ob 000 0 eng |
| 010 |
|
|
|a 2013031739
|
| 040 |
|
|
|a DLC
|b eng
|e rda
|c DLC
|d YDX
|d EBLCP
|d N$T
|d CUS
|d IDEBK
|d DG1
|d RECBK
|d IEEEE
|d YDXCP
|d UKMGB
|d CDX
|d COO
|d OCLCF
|d E7B
|d DEBSZ
|d GrThAP
|
| 016 |
7 |
|
|a 016597041
|2 Uk
|
| 019 |
|
|
|a 870086911
|a 874158094
|a 948837708
|a 951971653
|a 961812557
|
| 020 |
|
|
|a 9781118824634 (ePub)
|
| 020 |
|
|
|a 1118824636 (ePub)
|
| 020 |
|
|
|a 9781118824597 (Adobe PDF)
|
| 020 |
|
|
|a 1118824598 (Adobe PDF)
|
| 020 |
|
|
|z 9781118489994 (cloth)
|
| 020 |
|
|
|a 9781118824603
|
| 020 |
|
|
|a 1118824601
|
| 020 |
|
|
|a 1306412242
|
| 020 |
|
|
|a 9781306412247
|
| 020 |
|
|
|a 1118489993
|
| 020 |
|
|
|a 9781118489994
|
| 029 |
1 |
|
|a AU@
|b 000051823737
|
| 029 |
1 |
|
|a NLGGC
|b 373038631
|
| 029 |
1 |
|
|a NZ1
|b 15495766
|
| 029 |
1 |
|
|a NZ1
|b 15906634
|
| 029 |
1 |
|
|a DEBSZ
|b 431615721
|
| 029 |
1 |
|
|a DEBBG
|b BV043396135
|
| 035 |
|
|
|a (OCoLC)855209609
|z (OCoLC)870086911
|z (OCoLC)874158094
|z (OCoLC)948837708
|z (OCoLC)951971653
|z (OCoLC)961812557
|
| 037 |
|
|
|a 572475
|b MIL
|
| 042 |
|
|
|a pcc
|
| 050 |
0 |
0 |
|a TK7872.M25
|
| 072 |
|
7 |
|a TEC
|x 009070
|2 bisacsh
|
| 082 |
0 |
0 |
|a 621.31/042
|2 23
|
| 049 |
|
|
|a MAIN
|
| 100 |
1 |
|
|a Sudhoff, Scott D.
|
| 245 |
1 |
0 |
|a Power magnetic devices :
|b a multi-objective design approach /
|c S.D. Sudhoff.
|
| 264 |
|
1 |
|a Hoboken, New Jersey :
|b IEEE Press / Wiley ,
|c [2013]
|
| 300 |
|
|
|a 1 online resource.
|
| 336 |
|
|
|a text
|2 rdacontent
|
| 337 |
|
|
|a computer
|2 rdamedia
|
| 338 |
|
|
|a online resource
|2 rdacarrier
|
| 490 |
1 |
|
|a IEEE Press series on power engineering
|
| 504 |
|
|
|a Includes bibliographical references.
|
| 588 |
|
|
|a Description based on print version record and CIP data provided by publisher.
|
| 505 |
0 |
|
|a Series Page; Title Page; Copyright; Dedication; Preface; Chapter 1: Optimization-Based Design; 1.1 Design Approach; 1.2 Mathematical Properties of Objective Functions; 1.3 Single-Objective Optimization Using Newton's Method; 1.4 Genetic Algorithms: Review of Biological Genetics; 1.5 The Canonical Genetic Algorithm; 1.6 Real-Coded Genetic Algorithms; 1.7 Multi-Objective Optimization and the Pareto-Optimal Front; 1.8 Multi-Objective Optimization Using Genetic Algorithms; 1.9 Formulation of Fitness Functions for Design Problems; 1.10 A Design Example; References; Problems
|
| 505 |
8 |
|
|a Chapter 2: Magnetics and Magnetic Equivalent Circuits2.1 Ampere's Law, Magnetomotive Force, and Kirchhoff's Mmf Law for Magnetic Circuits; 2.2 Magnetic Flux, Gauss's Law, and Kirchhoff's Flux Law for Magnetic Circuits; 2.3 Magnetically Conductive Materials and Ohm's Law for Magnetic Circuits; 2.4 Construction of the Magnetic Equivalent Circuit; 2.5 Translation of Magnetic Circuits to Electric Circuits: Flux Linkage and Inductance; 2.6 Representing Fringing Flux in Magnetic Circuits; 2.7 Representing Leakage Flux in Magnetic Circuits; 2.8 Numerical Solution of Nonlinear Magnetic Circuits
|
| 505 |
8 |
|
|a 2.9 Permanent Magnet Materials and Their Magnetic Circuit Representation2.10 Finite Element Analysis; References; Problems; Chapter 3: Introduction to Inductor Design; 3.1 Common Inductor Architectures; 3.2 DC Coil Resistance; 3.3 DC Inductor Design; 3.4 Case Study; 3.5 Closing Remarks; References; Problems; Chapter 4: Force and Torque; 4.1 Energy Storage in Electromechanical Devices; 4.2 Calculation of Field Energy; 4.3 Force from Field Energy; 4.4 Co-Energy; 4.5 Force From Co-Energy; 4.6 Conditions for Conservative Fields; 4.7 Magnetically Linear Systems; 4.8 Torque
|
| 505 |
8 |
|
|a 4.9 Calculating Force Using Magnetic Equivalent CircuitsReferences; Problems; Chapter 5: Introduction to Electromagnet Design; 5.1 Common Electromagnet Architectures; 5.2 Magnetic, Electric, and Force Analysis of an Ei-Core Electromagnet; 5.3 Ei-Core Electromagnet Design; 5.4 Case Study; References; Problems; Chapter 6: Magnetic Core Loss; 6.1 Eddy Current Losses; 6.2 Hysteresis Loss and The B-H Loop; 6.3 Empirical Modeling of Core Loss; 6.4 Time Domain Modeling of Core Loss; References; Problems; Chapter 7: Transformer Design; 7.1 Common Transformer Architectures
|
| 505 |
8 |
|
|a 7.2 T-Equivalent Circuit Model7.3 Steady-State Analysis; 7.4 Transformer Performance Considerations; 7.5 Core-Type Transformer Configuration; 7.6 Core-Type Transformer Mec; 7.7 Core Loss; 7.8 Core-Type Transformer Design; 7.9 Case Study; 7.10 Closing Remarks; References; Problems; Chapter 8: Distributed Windings and Rotating Electric Machinery; 8.1 Describing Distributed Windings; 8.2 Winding Functions; 8.3 Air-Gap Magnetomotive Force; 8.4 Rotating MMF; 8.5 Flux Linkage and Inductance; 8.6 Slot Effects and Carter's Coefficient; 8.7 Leakage Inductance; 8.8 Resistance
|
| 650 |
|
0 |
|a Electromagnetic devices.
|
| 650 |
|
0 |
|a Power electronics.
|
| 650 |
|
0 |
|a Electric machinery.
|
| 650 |
|
7 |
|a TECHNOLOGY & ENGINEERING
|x Mechanical.
|2 bisacsh
|
| 650 |
|
7 |
|a Electric machinery.
|2 fast
|0 (OCoLC)fst00905157
|
| 650 |
|
7 |
|a Electromagnetic devices.
|2 fast
|0 (OCoLC)fst00906518
|
| 650 |
|
7 |
|a Power electronics.
|2 fast
|0 (OCoLC)fst01074238
|
| 650 |
|
4 |
|a Electromagnetic devices.
|
| 655 |
|
4 |
|a Electronic books.
|
| 655 |
|
0 |
|a Electronic books.
|
| 776 |
0 |
8 |
|i Print version:
|a Sudhoff, Scott D.
|t Power magnetic devices
|d Hoboken, New Jersey : John Wiley & Sons Inc., [2013]
|z 9781118489994
|w (DLC) 2013029968
|
| 830 |
|
0 |
|a IEEE Press series on power engineering.
|
| 856 |
4 |
0 |
|u https://doi.org/10.1002/9781118824603
|z Full Text via HEAL-Link
|
| 994 |
|
|
|a 92
|b DG1
|